Glorious rajasthan : (Record no. 128294)

MARC details
000 -LEADER
fixed length control field 00735nam a22002297a 4500
005 - DATE AND TIME OF LATEST TRANSACTION
control field 20170124110037.0
010 ## - LIBRARY OF CONGRESS CONTROL NUMBER
LC control number B-168341
020 ## - INTERNATIONAL STANDARD BOOK NUMBER
Terms of availability 150.00
International Standard Book Number 819023501X
035 ## - SYSTEM CONTROL NUMBER
System control number B-168341
037 ## - SOURCE OF ACQUISITION
Source of stock number/acquisition Cen Lib/Ret
040 ## - CATALOGING SOURCE
Original cataloging agency DPL
Language of cataloging EN
082 ## - DEWEY DECIMAL CLASSIFICATION NUMBER
Classification number 954.42
Item number JAK
100 ## - MAIN ENTRY--PERSONAL NAME
Personal name Jakhetiya, Ram Gopal
9 (RLIN) 22953
245 ## - TITLE STATEMENT
Title Glorious rajasthan :
Statement of responsibility, etc by Ram Gopal Jakhetiya
Remainder of title history,art & culture /
260 ## - PUBLICATION, DISTRIBUTION, ETC. (IMPRINT)
Place of publication, distribution, etc Jaipur
Name of publisher, distributor, etc Apollo Prakashan
Date of publication, distribution, etc 2005
270 ## - ADDRESS
Address Shop No-25, New Pink City Market, Raja Park
City Jaipur
300 ## - PHYSICAL DESCRIPTION
Extent 130p.
Dimensions 20cm(Hb)
500 ## - GENERAL NOTE
General note Includes bibliographical references
650 ## - SUBJECT ADDED ENTRY--TOPICAL TERM
Topical term or geographic name as entry element History of Medieval India.
9 (RLIN) 22954
650 ## - SUBJECT ADDED ENTRY--TOPICAL TERM
Topical term or geographic name as entry element Glimpses of Rajasthan.
9 (RLIN) 22955
942 ## - ADDED ENTRY ELEMENTS (KOHA)
Source of classification or shelving scheme Dewey Decimal Classification
Koha item type English Books
Classification part 954.42
Call number suffix JAK
Holdings
Withdrawn status Lost status Damaged status Not for loan Home library Current library Date acquired Source of acquisition Cost, normal purchase price Total Checkouts Full call number Barcode Date last seen Date checked out Copy number Cost, replacement price Price effective from Koha item type
        Central Library Central Library 02/07/2015 Cen Lib/Ret 150.00 6 954.42 JAK B-168341 08/01/2024 22/12/2023 1 150.00 02/07/2015 English Books

© Delhi Public Library
Hit Counter
free hit counter